Budapest and its region

Elmentve itt :
Bibliográfiai részletek
Szerzők: Kovács Zoltán
Dövényi Zoltán
Dokumentumtípus: Könyv része
Megjelent: Geographical Institute, Research Centre for Astronomy and Earth Sciences Budapest 2021
Sorozat:National atlas of Hungary volume 3.
Tárgyszavak:
mtmt:32158779
Online Access:http://publicatio.bibl.u-szeged.hu/39461
LEADER 00793naa a2200217 i 4500
001 publ39461
005 20260313150258.0
008 260313s2021 hu o 000 eng d
020 |a 9789639545649 
024 7 |a 32158779  |2 mtmt 
040 |a SZTE Publicatio Repozitórium  |b hun 
041 |a eng 
100 1 |a Kovács Zoltán 
245 1 0 |a Budapest and its region  |h [elektronikus dokumentum] /  |c  Kovács Zoltán 
260 |a Geographical Institute, Research Centre for Astronomy and Earth Sciences  |b Budapest  |c 2021 
300 |a 12 
300 |a 128-139 
490 0 |a National atlas of Hungary volume 3. 
650 4 |a Társadalom- és gazdaságföldrajz 
700 0 1 |a Dövényi Zoltán  |e aut 
856 4 0 |u http://publicatio.bibl.u-szeged.hu/39461/1/National-Atlas-of-Hungary_Vol3_Ch10.pdf  |z Dokumentum-elérés